Statistics for TENET - Complete Trivia

Click here to take the quiz!

General Stats

  • This quiz has been taken 240 times
  • The average score is 14 of 30

Answer Stats

Answer% Correct
"That part is a little dramatic"Neil
84%
"Lying is the Standard Operational Procedure"Neil
84%
NeilRobert Pattinson
79%
"Where I'm from, you buy me dinner first"The Protagonist
79%
The ProtagonistJohn David Washington
78%
"You chose the wrong profession"Andrei Sator
73%
Does blue refer to the normal or inverted side of the turnstile?Inverted
69%
"Don't try to understand it. Feel it"Laura
69%
Does red refer to the normal or inverted side of the turnstile?Normal
63%
"'Bold' I'm fine with. I thought you were going to say 'Nuts'"Mahir
62%
In which city was the opera taking place in?Kiev
56%
In which city is the airport in?Oslo, Norway
51%
Andrei SatorKenneth Branagh
49%
What is the 'reversing' technology found throughout 'TENET called?Inversion
48%
What was the location of Kat and Sator's "loving" vacation?Vietnam
48%
Which truck did The Protagonist jump on to steal the package for Sator?Fire Engine
43%
Paradox discussed throughout the movieGrandfather Paradox
43%
KatElizabeth Debicki
41%
Shooting country of several major scenes (freeport, car chase)?Estonia
32%
IvesAaron Taylor-Johnson
31%
How was Sator dying (specific)?Pancreatic Cancer
29%
What occurs when an inversed person touches their normal self? (Quote)"Annihilation"
24%
Whose fake paintings serve as an aspect of 'TENET's plot?Francisco Goya
24%
What fruit bowl did Kat smash in anger at Andrei Sator?Raspberry
24%
LauraClemence Poesy
23%
"Welcome to the afterlife"Victor
23%
MahirHimesh Patel
22%
What is the term for when inverted people used knowledge gained to inform others of the future, and vice versa?Temporal Pincer Movement
15%
In where did The Protagonist hide after meeting Victor?Wind Turbine
14%
What was the name of The Protagonist's friend who posed as the VIP, and was eventually tortured and killed?Timmy
3%

Score Distribution

Percentile by Number Answered

Percent of People with Each Score

Your Score History

You have not taken this quiz